000 00505nam a2200193Ia 4500
008 131103s9999 xx 000 0 und d
040 _aLoreto College
041 _aEnglish
082 _a793.73/DIC
_bLCBED/7434
100 _aDickens, Doris
245 4 _aThe armada quiz and puzzle
_b book no. 3
_cDoris Dickens & Mary Danby
260 _aLondon
_bArmada
_c1972
300 _c 19cm.
650 _aQuize
651 _aPuzzles
700 _aDanby, Mary
850 _aLCBED/793.73/DIC
942 _cBK
999 _c34387
_d84866